000 00666nam a22002057a 4500
005 2010072600250.0
010 _aENG-96968
020 _a8175245921
_c700.00
020 _a9788175245921
_c700.00
035 _aEN-80501
037 _bDBAD/PUB
082 _a796.609
100 _aSolanki, Vivek
_91558
245 _aSports Mangement /
_cby Vivek Solanki
260 _aNew Delhi
_bKhel Sahitya Kendra
_c2010
270 _a7/26, Anasari Road, Darya Gang
_bNew Delhi
_e1100035
300 _a301p.
_c22cm (Hb)
942 _2ddc
_cEN
_h796.609
_mSOL
999 _c37784
_d37784